00571nam a2200157Ia 4500008004100000100001600041245008400057245003000141260005300171260000900224300001200233650001500245856006100260999001900321952007300340170221s9999 xx 000 0 und d aRabia Imran 4aThe Impact of Organizational Justice on Employee Retention: Evidence from Oman  cRabia Imran, Kamaal Allil bInternational Review of Management and Marketing c2016 a15 : 10 xMarketing. uhttp://www.econjournals.com/index.php/irmm/issue/view/72 c312338d312338 001040aCLbCLd2017-02-21l0r2017-02-21 00:00:00w2017-02-21yFOJ